Hypermarkety jeden za druhým

Vstup holandskej maloobchodnej siete Royal Ahold na slovenský trh. TOP 10 potravinárseho obchodu 2000. Stručné informácie o spoločnosti Tesco Stores z Veľkej Británie, francúzskom Carrefoure a Kauflande.

Gespeichert in:
Bibliographische Detailangaben
1. Verfasser: Tytykalová, Halka
Format: Buchkapitel
Sprache:Slowakisch
Schlagworte:
Tags: Tag hinzufügen
Keine Tags, Fügen Sie das erste Tag hinzu!

MARC

LEADER 00000naa a2200000 4500
001 r043789
005 20230920074047.8
041 0 |a slo 
044 |a SK 
245 1 0 |a Hypermarkety jeden za druhým  |c Halka Tytykalová 
520 |a Vstup holandskej maloobchodnej siete Royal Ahold na slovenský trh. TOP 10 potravinárseho obchodu 2000. Stručné informácie o spoločnosti Tesco Stores z Veľkej Británie, francúzskom Carrefoure a Kauflande. 
610 2 0 |a siete maloobchodné 
610 2 0 |a hypermarkety 
610 2 0 |a potraviny 
610 2 0 |a trh kupujúceho 
610 2 0 |a trh vnútorný 
610 2 0 |a Slovensko 
100 1 |a Tytykalová, Halka